| 000 | 00555nam a2200169Ia 4500 | ||
|---|---|---|---|
| 008 | 090201s9999 xx 000 0 und d | ||
| 010 | _aKPL-11500 | ||
| 040 | _bमराठी | ||
| 041 | _aमराठी | ||
| 082 |
_a32155 _b11500 |
||
| 100 | _aमधुकर पाटणकर | ||
| 245 |
_aआमचे भाऊ _cमधुकर पाटणकर |
||
| 260 |
_c2004 _bमधुकर कृष्णाजी पाटणकर प्रकाशन |
||
| 300 |
_a288 _bमोठा |
||
| 600 | _aआमचे भाऊ | ||
| 942 | _cBOOK | ||
| 999 |
_c230527 _d230527 |
||